| 000 | 00510nmm a2200157Ia 4500 | ||
|---|---|---|---|
| 008 | 251105s9999||||xx |||||||||||||||||und|| | ||
| 020 | _a9789586656566 | ||
| 041 | _aspa | ||
| 100 | _aThoumi, Francisco E. | ||
| 245 | 0 | _aElementos para una (re)interpretación de las convenciones internacionales de drogas | |
| 264 |
_a[Bogotá, Colombia] : _bSiglo del hombre, _c2021 |
||
| 300 | _a546 páginas | ||
| 650 | _aEconomics and Business | ||
| 856 | _uhttps://public.digitaliapublishing.com/a/82973 | ||
| 942 | _cCF | ||
| 999 |
_c95498 _d95498 |
||